[Event "Kragero Resort Chess A 2019"]
[Site "Kragero"]
[Date "2019.02.21"]
[Round "3.27"]
[White "Kazarian, Anna-Maja"]
[Black "Tunsjo, Axel"]
[Result "1/2-1/2"]
[WhiteElo "2189"]
[BlackElo "1937"]
[Annotator "NA"]
[PlyCount "91"]
[EventDate "2019.02.20"]
[EventType "swiss"]
[EventCountry "NOR"]
[SourceTitle "playchess.com"]
[Source "ChessBase"]
[SourceQuality "1"]
[TimeControl "5400+30"]

1. e4 {[%emt 0:00:00]} c5 {[%emt 0:00:00]} 2. Nf3 {[%emt 0:00:00]} e6 {[%emt 0:00:56]} 3. d4 {[%emt 0:00:00]} cxd4 {[%emt 0:00:12]} 4. Nxd4 {[%emt 0:00:00]} Nc6 {[%emt 0:00:16]} 5. Nc3 {[%emt 0:01:09]} Qc7 {[%emt 0:00:05]} 6. g3 {[%emt 0:00:31]} a6 {[%emt 0:01:07]} 7. Bg2 {[%emt 0:00:04]} Nf6 {[%emt 0:02:32]} 8. O-O {[%emt 0:01:24]} Be7 {[%emt 0:00:14]} 9. Re1 {[%emt 0:03:34]} Nxd4 {[%emt 0:08:10]} 10. Qxd4 {[%emt 0:00:06]} d6 {[%emt 0:00:06]} 11. a4 {[%emt 0:07:46]} b6 {[%emt 0:04:02]} 12. a5 {[%emt 0:16:26]} b5 {[%emt 0:02:45]} 13. e5 {[%emt 0:03:54]} dxe5 {[%emt 0:00:10]} 14. Qb6 {[%emt 0:00:08]} Qxb6 {[%emt 0:02:34]} 15. axb6 {[%emt 0:00:04]} Rb8 {[%emt 0:00:42]} 16. Be3 {[%emt 0:16:31]} O-O {[%emt 0:02:56]} 17. Red1 {[%emt 0:18:12]} Ng4 {[%emt 0:02:27]} 18. b7 {[%emt 0:00:12]} Bxb7 {[%emt 0:00:19]} 19. Ba7 {[%emt 0:00:35]} Ra8 {[%emt 0:03:13]} 20. Rd7 {[%emt 0:01:01]} Bxg2 {[%emt 0:01:32]} 21. Kxg2 {[%emt 0:00:39]} Bb4 {[%emt 0:01:26]} 22. Ne4 {[%emt 0:06:23]} f5 {[%emt 0:05:37]} 23. Ng5 {[%emt 0:05:34]} Nf6 {[%emt 0:04:08]} 24. Rb7 {[%emt 0:01:11]} h6 {[%emt 0:11:27]} 25. Nxe6 {[%emt 0:01:39]} Rf7 {[%emt 0:00:10]} 26. Rxf7 {[%emt 0:03:31]} Kxf7 {[%emt 0:00:59]} 27. Rxa6 {[%emt 0:00:05]} Ne8 {[%emt 0:01:39]} 28. f4 {[%emt 0:05:44]} exf4 {[%emt 0:06:43]} 29. gxf4 {[%emt 0:00:49]} Bd6 {[%emt 0:10:15]} 30. Nd4 {[%emt 0:01:39]} Bxf4 {[%emt 0:07:09]} 31. Nxb5 {[%emt 0:00:05]} Nc7 {[%emt 0:00:22]} 32. Ra5 {[%emt 0:06:20]} Bxh2 {[%emt 0:02:48]} 33. Kxh2 {[%emt 0:00:30]} Nxb5 {[%emt 0:00:02]} 34. Rxb5 {[%emt 0:00:29]} Rxa7 {[%emt 0:00:03]} 35. Rxf5+ {[%emt 0:00:04]} Ke6 {[%emt 0:00:41]} 36. Rc5 {[%emt 0:00:32]} Rb7 {[%emt 0:00:57]} 37. b3 {[%emt 0:00:04]} Rb6 {[%emt 0:00:06]} 38. Kg3 {[%emt 0:01:05]} Rb4 {[%emt 0:00:42]} 39. Rc7 {[%emt 0:00:39]} Kf6 {[%emt 0:00:26]} 40. Rc6+ {[%emt 0:00:21]} Kf5 {[%emt 0:00:58]} 41. Rc5+ {[%emt 0:00:10]} Kg6 {[%emt 0:01:02]} 42. Ra5 {[%emt 0:00:44]} Kf6 {[%emt 0:00:45]} 43. Ra6+ {[%emt 0:00:29]} Kf5 {[%emt 0:00:08]} 44. Ra5+ {[%emt 0:00:16]} Kf6 {[%emt 0:00:07]} 45. Ra6+ {[%emt 0:01:02]} Kf5 {[%emt 0:00:03]} 46. Ra5+ {[%emt 0:00:16] Ke5 [%emt 00:00:15]} 1/2-1/2

[Event "Kragero Resort Chess A 2019"]
[Site "Kragero"]
[Date "2019.02.21"]
[Round "3.28"]
[White "Sebastian, Andreas"]
[Black "Skjolingstad, Sverre"]
[Result "1-0"]
[WhiteElo "1962"]
[BlackElo "1782"]
[Annotator "NA"]
[PlyCount "57"]
[EventDate "2019.02.20"]
[EventType "swiss"]
[EventCountry "NOR"]
[SourceTitle "playchess.com"]
[Source "ChessBase"]
[SourceQuality "1"]
[TimeControl "5400+30"]

1. d4 {[%emt 0:00:00]} Nf6 {[%emt 0:01:49]} 2. Bf4 {[%emt 0:00:00]} c5 {[%emt 0:00:27]} 3. e3 {[%emt 0:00:23]} b6 {[%emt 0:05:54]} 4. c3 {[%emt 0:04:14]} Bb7 {[%emt 0:00:23]} 5. Nd2 {[%emt 0:00:21]} e6 {[%emt 0:05:52]} 6. Ngf3 {[%emt 0:00:32]} Be7 {[%emt 0:02:47]} 7. Bd3 {[%emt 0:04:40]} O-O {[%emt 0:03:17]} 8. h3 {[%emt 0:07:42]} d5 {[%emt 0:02:57]} 9. O-O {[%emt 0:00:56]} Nbd7 {[%emt 0:02:29]} 10. Qe2 {[%emt 0:01:22]} Ne4 {[%emt 0:04:06]} 11. Ne5 {[%emt 0:05:40]} Nxe5 {[%emt 0:08:30]} 12. dxe5 {[%emt 0:00:17]} Nxd2 {[%emt 0:06:04]} 13. Qxd2 {[%emt 0:00:14]} Bg5 {[%emt 0:10:43]} 14. Bxg5 {[%emt 0:09:39]} Qxg5 {[%emt 0:00:24]} 15. f4 {[%emt 0:00:12]} Qe7 {[%emt 0:01:43]} 16. Qc2 {[%emt 0:02:35]} h6 {[%emt 0:00:30]} 17. Qf2 {[%emt 0:03:51]} f6 {[%emt 0:04:27]} 18. Qh4 {[%emt 0:05:02]} Qe8 {[%emt 0:05:10]} 19. Kh2 {[%emt 0:05:02]} fxe5 {[%emt 0:06:39]} 20. fxe5 {[%emt 0:01:09]} Qd7 {[%emt 0:03:17]} 21. Qh5 {[%emt 0:02:36]} Rxf1 {[%emt 0:01:35]} 22. Rxf1 {[%emt 0:00:13]} Rf8 {[%emt 0:00:42]} 23. Bh7+ {[%emt 0:01:20]} Kxh7 {[%emt 0:00:41]} 24. Rxf8 {[%emt 0:00:07]} d4 {[%emt 0:02:18]} 25. exd4 {[%emt 0:01:48]} cxd4 {[%emt 0:00:53]} 26. Qf7 {[%emt 0:00:54]} Qd5 {[%emt 0:00:24]} 27. Qg8+ {[%emt 0:00:11]} Kg6 {[%emt 0:00:08]} 28. Rf6+ {[%emt 0:00:21]} Kh5 {[%emt 0:00:17]} 29. Qf7+ {[%emt 0:00:40]} 1-0

[Event "Kragero Resort Chess A 2019"]
[Site "Kragero"]
[Date "2019.02.21"]
[Round "3.29"]
[White "Mkrtchyan, Anahit D."]
[Black "Lund, Terje"]
[Result "1-0"]
[WhiteElo "1841"]
[BlackElo "2099"]
[Annotator "NA"]
[PlyCount "163"]
[EventDate "2019.02.20"]
[EventType "swiss"]
[EventCountry "NOR"]
[SourceTitle "playchess.com"]
[Source "ChessBase"]
[SourceQuality "1"]
[TimeControl "5400+30"]

1. e4 {[%emt 0:00:00]} Nf6 {[%emt 0:00:06]} 2. e5 {[%emt 0:00:00]} Nd5 {[%emt 0:00:05]} 3. d4 {[%emt 0:00:00]} d6 {[%emt 0:00:06]} 4. c4 {[%emt 0:00:00]} Nb6 {[%emt 0:00:06]} 5. exd6 {[%emt 0:00:00]} exd6 {[%emt 0:00:06]} 6. Nc3 {[%emt 0:00:00]} Be7 {[%emt 0:00:06]} 7. Bd3 {[%emt 0:00:00]} O-O {[%emt 0:00:38]} 8. Nge2 {[%emt 0:00:23]} Nc6 {[%emt 0:02:47]} 9. O-O {[%emt 0:00:13]} Bf6 {[%emt 0:01:53]} 10. Be3 {[%emt 0:00:20]} Nb4 {[%emt 0:11:22]} 11. b3 {[%emt 0:02:56]} Nxd3 {[%emt 0:01:47]} 12. Qxd3 {[%emt 0:00:05]} Re8 {[%emt 0:05:04]} 13. Rad1 {[%emt 0:02:26]} g6 {[%emt 0:10:43]} 14. Ng3 {[%emt 0:05:54]} c6 {[%emt 0:14:46]} 15. d5 {[%emt 0:06:54]} c5 {[%emt 0:03:53]} 16. Nce4 {[%emt 0:01:43]} Be5 {[%emt 0:03:52]} 17. f4 {[%emt 0:05:17]} Bg7 {[%emt 0:02:18]} 18. f5 {[%emt 0:01:28]} Nd7 {[%emt 0:01:37]} 19. Bf4 {[%emt 0:07:09]} Bd4+ {[%emt 0:07:27]} 20. Kh1 {[%emt 0:01:09]} Ne5 {[%emt 0:01:32]} 21. Bxe5 {[%emt 0:00:35]} Rxe5 {[%emt 0:02:47]} 22. f6 {[%emt 0:04:11]} Qf8 {[%emt 0:08:53]} 23. Rde1 {[%emt 0:11:05]} Bg4 {[%emt 0:01:42]} 24. Rf4 {[%emt 0:02:57]} Bh5 {[%emt 0:04:09]} 25. Rh4 {[%emt 0:14:16]} Qh6 {[%emt 0:07:58]} 26. Nxh5 {[%emt 0:05:03]} Rxh5 {[%emt 0:00:46]} 27. Rxh5 {[%emt 0:00:22]} Qxh5 {[%emt 0:00:02]} 28. Qe2 {[%emt 0:09:49]} Qxe2 {[%emt 0:01:02]} 29. Rxe2 {[%emt 0:00:05]} Re8 {[%emt 0:00:18]} 30. g4 {[%emt 0:00:50]} h6 {[%emt 0:03:59]} 31. Kg2 {[%emt 0:00:09]} g5 {[%emt 0:01:40]} 32. Kf3 {[%emt 0:00:46]} Rd8 {[%emt 0:00:12]} 33. h4 {[%emt 0:01:44]} gxh4 {[%emt 0:00:09]} 34. Rh2 {[%emt 0:00:32]} Kh7 {[%emt 0:00:19]} 35. Rxh4 {[%emt 0:01:09]} Kg6 {[%emt 0:00:06]} 36. Rh5 {[%emt 0:01:52]} b6 {[%emt 0:01:51]} 37. Kf4 {[%emt 0:03:00]} Rd7 {[%emt 0:00:51]} 38. Rf5 {[%emt 0:00:57]} Rd8 {[%emt 0:00:30]} 39. Rh5 {[%emt 0:03:14]} Rd7 {[%emt 0:00:21]} 40. Kg3 {[%emt 0:00:58]} Rd8 {[%emt 0:00:33]} 41. Kh4 {[%emt 0:00:37]} Rh8 {[%emt 0:00:43]} 42. Nxd6 {[%emt 0:02:01]} Bxf6+ {[%emt 0:00:09]} 43. Kg3 {[%emt 0:00:09]} Bg5 {[%emt 0:00:33]} 44. Ne4 {[%emt 0:00:39]} Re8 {[%emt 0:00:30]} 45. Kf3 {[%emt 0:00:49]} f5 {[%emt 0:00:23]} 46. Nxg5 {[%emt 0:06:02]} hxg5 {[%emt 0:00:02]} 47. Rh2 {[%emt 0:00:06]} f4 {[%emt 0:01:02]} 48. Rd2 {[%emt 0:00:42]} Kf6 {[%emt 0:00:30]} 49. Rd3 {[%emt 0:00:38]} Ke5 {[%emt 0:00:29]} 50. d6 {[%emt 0:00:43]} Rd8 {[%emt 0:01:42]} 51. Rd5+ {[%emt 0:00:05]} Kf6 {[%emt 0:00:14]} 52. Rf5+ {[%emt 0:00:20]} Kg6 {[%emt 0:00:12]} 53. Rd5 {[%emt 0:00:05]} Kf6 {[%emt 0:00:19]} 54. d7 {[%emt 0:00:20]} Kg6 {[%emt 0:00:25]} 55. Ke4 {[%emt 0:00:26]} Kf6 {[%emt 0:00:10]} 56. Rf5+ {[%emt 0:00:59]} Kg6 {[%emt 0:00:06]} 57. Rd5 {[%emt 0:00:17]} Kf6 {[%emt 0:00:01]} 58. a3 {[%emt 0:00:32]} a6 {[%emt 0:01:01]} 59. b4 {[%emt 0:00:24]} cxb4 {[%emt 0:01:31]} 60. axb4 {[%emt 0:00:03]} Ke7 {[%emt 0:00:39]} 61. Rxg5 {[%emt 0:01:25]} a5 {[%emt 0:00:32]} 62. bxa5 {[%emt 0:00:14]} bxa5 {[%emt 0:00:01]} 63. Rxa5 {[%emt 0:00:25]} Rxd7 {[%emt 0:00:07]} 64. Rd5 {[%emt 0:01:21]} Rc7 {[%emt 0:01:08]} 65. c5 {[%emt 0:00:09]} Ke6 {[%emt 0:00:56]} 66. Re5+ {[%emt 0:00:08]} Kf6 {[%emt 0:00:34]} 67. Kxf4 {[%emt 0:00:26]} Ra7 {[%emt 0:00:01]} 68. g5+ {[%emt 0:00:15]} Kf7 {[%emt 0:00:22]} 69. Kf5 {[%emt 0:00:15]} Ra1 {[%emt 0:00:10]} 70. g6+ {[%emt 0:00:15]} Kf8 {[%emt 0:00:31]} 71. Kf6 {[%emt 0:00:11]} Rf1+ {[%emt 0:00:19]} 72. Rf5 {[%emt 0:00:03]} Rc1 {[%emt 0:00:16]} 73. Ke6+ {[%emt 0:03:07]} Kg7 {[%emt 0:00:32]} 74. Rg5 {[%emt 0:00:20]} Rc2 {[%emt 0:01:40]} 75. Kd6 {[%emt 0:00:11]} Rd2+ {[%emt 0:00:21]} 76. Kc7 {[%emt 0:00:38]} Rc2 {[%emt 0:00:35]} 77. c6 {[%emt 0:00:03]} Rb2 {[%emt 0:00:29]} 78. Kc8 {[%emt 0:00:13]} Rc2 {[%emt 0:00:06]} 79. c7 {[%emt 0:00:11]} Rc1 {[%emt 0:00:48]} 80. Kb7 {[%emt 0:00:13]} Rb1+ {[%emt 0:00:29]} 81. Kc6 {[%emt 0:00:03]} Rc1+ {[%emt 0:00:20]} 82. Rc5 {[%emt 0:00:04]} 1-0

[Event "Kragero Resort Chess A 2019"]
[Site "Kragero"]
[Date "2019.02.21"]
[Round "3.30"]
[White "Khachatryan, Marieta"]
[Black "Jonsson, Gauti Pall"]
[Result "0-1"]
[WhiteElo "1779"]
[BlackElo "2070"]
[Annotator "NA"]
[PlyCount "100"]
[EventDate "2019.02.20"]
[EventType "swiss"]
[EventCountry "NOR"]
[SourceTitle "playchess.com"]
[Source "ChessBase"]
[SourceQuality "1"]
[TimeControl "5400+30"]

1. e4 {[%emt 0:00:00]} c5 {[%emt 0:00:00]} 2. Nf3 {[%emt 0:00:00]} g6 {[%emt 0:00:09]} 3. d4 {[%emt 0:00:00]} cxd4 {[%emt 0:00:14]} 4. Qxd4 {[%emt 0:00:00]} Nf6 {[%emt 0:00:20]} 5. Qa4 {[%emt 0:00:11]} Nc6 {[%emt 0:01:20]} 6. Nc3 {[%emt 0:00:08]} d6 {[%emt 0:01:20]} 7. e5 {[%emt 0:02:37]} dxe5 {[%emt 0:01:48]} 8. Nxe5 {[%emt 0:00:07]} Bd7 {[%emt 0:01:53]} 9. Nxd7 {[%emt 0:00:19]} Nxd7 {[%emt 0:01:49]} 10. Bb5 {[%emt 0:02:02]} Bg7 {[%emt 0:01:01]} 11. Bxc6 {[%emt 0:04:25]} bxc6 {[%emt 0:00:11]} 12. Qxc6 {[%emt 0:01:46]} Rc8 {[%emt 0:00:50]} 13. Qa4 {[%emt 0:03:20]} Rxc3 {[%emt 0:05:58]} 14. bxc3 {[%emt 0:00:47]} Bxc3+ {[%emt 0:00:08]} 15. Bd2 {[%emt 0:00:40]} Bxa1 {[%emt 0:01:11]} 16. c3 {[%emt 0:00:23]} O-O {[%emt 0:05:47]} 17. O-O {[%emt 0:00:20]} Nb6 {[%emt 0:03:39]} 18. Qc2 {[%emt 0:01:51]} Bb2 {[%emt 0:01:20]} 19. Bh6 {[%emt 0:01:35]} Ba3 {[%emt 0:01:23]} 20. c4 {[%emt 0:03:22]} Bc5 {[%emt 0:03:01]} 21. Rd1 {[%emt 0:03:34]} Qc7 {[%emt 0:00:59]} 22. Qc3 {[%emt 0:02:48]} e5 {[%emt 0:01:25]} 23. Bxf8 {[%emt 0:01:22]} Kxf8 {[%emt 0:00:10]} 24. h3 {[%emt 0:06:15]} Kg7 {[%emt 0:01:00]} 25. Rc1 {[%emt 0:04:31]} Nd7 {[%emt 0:02:08]} 26. Rb1 {[%emt 0:11:23]} Bd4 {[%emt 0:02:33]} 27. Qc2 {[%emt 0:01:49]} Nc5 {[%emt 0:00:25]} 28. Rd1 {[%emt 0:05:00]} Qc6 {[%emt 0:01:01]} 29. Qe2 {[%emt 0:01:26]} Ne4 {[%emt 0:00:41]} 30. Rf1 {[%emt 0:00:38]} Ng3 {[%emt 0:00:16]} 31. Qd3 {[%emt 0:00:21]} Nxf1 {[%emt 0:00:11]} 32. Kxf1 {[%emt 0:00:04]} Qb6 {[%emt 0:00:20]} 33. Qc2 {[%emt 0:00:13]} Qb2 {[%emt 0:00:33]} 34. Qxb2 {[%emt 0:00:18]} Bxb2 {[%emt 0:00:06]} 35. c5 {[%emt 0:00:03]} Bd4 {[%emt 0:00:16]} 36. c6 {[%emt 0:00:06]} Bb6 {[%emt 0:00:05]} 37. Ke2 {[%emt 0:00:04]} Kf6 {[%emt 0:00:13]} 38. g3 {[%emt 0:00:23]} Ke6 {[%emt 0:00:07]} 39. f4 {[%emt 0:00:03]} exf4 {[%emt 0:00:11]} 40. gxf4 {[%emt 0:00:04]} Kd6 {[%emt 0:00:08]} 41. Kf3 {[%emt 0:00:05]} Kxc6 {[%emt 0:00:07]} 42. Kg4 {[%emt 0:00:04]} Bd8 {[%emt 0:00:40]} 43. f5 {[%emt 0:00:38]} h5+ {[%emt 0:00:14]} 44. Kf4 {[%emt 0:00:06]} g5+ {[%emt 0:00:07]} 45. Ke4 {[%emt 0:00:04]} f6 {[%emt 0:00:10]} 46. Kd4 {[%emt 0:00:06]} Bc7 {[%emt 0:00:09]} 47. Ke4 {[%emt 0:00:07]} g4 {[%emt 0:00:09]} 48. hxg4 {[%emt 0:00:05]} hxg4 {[%emt 0:00:04]} 49. Ke3 {[%emt 0:00:10]} Kd5 {[%emt 0:00:09]} 50. Kf2 {[%emt 0:00:07]} Ke5 {[%emt 0:00:39]} 0-1

[Event "Kragero Resort Chess A 2019"]
[Site "Kragero"]
[Date "2019.02.21"]
[Round "3.31"]
[White "Boe, Oeyvind"]
[Black "Stray, Gunnar"]
[Result "0-1"]
[WhiteElo "1908"]
[BlackElo "1994"]
[Annotator "NA"]
[PlyCount "104"]
[EventDate "2019.02.20"]
[EventType "swiss"]
[EventCountry "NOR"]
[SourceTitle "playchess.com"]
[Source "ChessBase"]
[SourceQuality "1"]
[TimeControl "5400+30"]

1. d4 {[%emt 0:00:00]} d5 {[%emt 0:22:37]} 2. c4 {[%emt 0:00:00]} c6 {[%emt 0:00:04]} 3. Nf3 {[%emt 0:00:00]} Nf6 {[%emt 0:00:06]} 4. e3 {[%emt 0:00:01]} g6 {[%emt 0:00:15]} 5. Be2 {[%emt 0:00:48]} Bg7 {[%emt 0:00:08]} 6. O-O {[%emt 0:00:05]} O-O {[%emt 0:00:07]} 7. b4 {[%emt 0:01:25]} Nbd7 {[%emt 0:02:10]} 8. Bb2 {[%emt 0:00:13]} dxc4 {[%emt 0:01:25]} 9. Bxc4 {[%emt 0:00:16]} Nb6 {[%emt 0:00:14]} 10. Bb3 {[%emt 0:00:55]} Nbd5 {[%emt 0:01:31]} 11. a3 {[%emt 0:13:26]} a5 {[%emt 0:02:54]} 12. Re1 {[%emt 0:23:02]} Ne4 {[%emt 0:05:07]} 13. Nfd2 {[%emt 0:01:10]} Nxd2 {[%emt 0:01:08]} 14. Qxd2 {[%emt 0:01:27]} axb4 {[%emt 0:00:36]} 15. e4 {[%emt 0:00:55]} Nc3 {[%emt 0:00:47]} 16. Nxc3 {[%emt 0:00:36]} bxc3 {[%emt 0:00:08]} 17. Bxc3 {[%emt 0:00:14]} Qb6 {[%emt 0:03:36]} 18. Reb1 {[%emt 0:00:32]} Qa6 {[%emt 0:00:12]} 19. Bb4 {[%emt 0:00:56]} Re8 {[%emt 0:09:03]} 20. Qf4 {[%emt 0:01:46]} e6 {[%emt 0:00:58]} 21. e5 {[%emt 0:07:35]} Qd3 {[%emt 0:02:14]} 22. Rb2 {[%emt 0:01:31]} Qf5 {[%emt 0:03:27]} 23. Qe3 {[%emt 0:01:07]} Qh5 {[%emt 0:07:17]} 24. Qg3 {[%emt 0:06:22]} Bf8 {[%emt 0:04:07]} 25. Bd1 {[%emt 0:01:16]} Qh6 {[%emt 0:00:43]} 26. Bd2 {[%emt 0:00:36]} Qg7 {[%emt 0:00:08]} 27. Qc3 {[%emt 0:07:20]} Be7 {[%emt 0:01:29]} 28. Bf3 {[%emt 0:00:53]} Rd8 {[%emt 0:05:55]} 29. a4 {[%emt 0:00:54]} Qf8 {[%emt 0:05:36]} 30. Be3 {[%emt 0:02:05]} f5 {[%emt 0:01:22]} 31. g3 {[%emt 0:10:23]} g5 {[%emt 0:02:30]} 32. Rc2 {[%emt 0:03:26]} Qg7 {[%emt 0:05:15]} 33. Kh1 {[%emt 0:00:24]} g4 {[%emt 0:00:24]} 34. Bg2 {[%emt 0:00:23]} h5 {[%emt 0:00:23]} 35. f4 {[%emt 0:08:07]} Kf7 {[%emt 0:01:32]} 36. Kg1 {[%emt 0:00:24]} h4 {[%emt 0:01:14]} 37. a5 {[%emt 0:01:07]} Qf8 {[%emt 0:02:18]} 38. Rb2 {[%emt 0:00:31]} h3 {[%emt 0:00:45]} 39. Bh1 {[%emt 0:00:10]} Ra6 {[%emt 0:00:37]} 40. Rab1 {[%emt 0:01:41]} Rd7 {[%emt 0:00:38]} 41. Rb6 {[%emt 0:00:33]} Rxb6 {[%emt 0:00:28]} 42. Rxb6 {[%emt 0:00:21]} Bd8 {[%emt 0:02:41]} 43. Rb1 {[%emt 0:00:15]} Bc7 {[%emt 0:00:24]} 44. Kf2 {[%emt 0:00:32]} Qd8 {[%emt 0:00:54]} 45. Ra1 {[%emt 0:01:29]} Bb8 {[%emt 0:00:17]} 46. Qc5 {[%emt 0:00:47]} Qe7 {[%emt 0:02:06]} 47. Qc4 {[%emt 0:02:22]} Ba7 {[%emt 0:01:28]} 48. Ke2 {[%emt 0:00:19]} Qd8 {[%emt 0:00:33]} 49. Ra4 {[%emt 0:01:19]} b5 {[%emt 0:01:39]} 50. axb6 {[%emt 0:00:11]} Qxb6 {[%emt 0:00:17]} 51. Bxc6 {[%emt 0:01:59]} Rc7 {[%emt 0:00:39]} 52. Qxe6+ {[%emt 0:01:12]} Bxe6 {[%emt 0:00:20]} 0-1

[Event "Kragero Resort Chess A 2019"]
[Site "Kragero"]
[Date "2019.02.22"]
[Round "4.1"]
[White "Getz, Nicolai"]
[Black "Hammer, Jon Ludvig"]
[Result "0-1"]
[WhiteElo "2398"]
[BlackElo "2652"]
[Annotator "TA"]
[PlyCount "180"]
[EventDate "2019.02.20"]
[EventType "swiss"]
[EventCountry "NOR"]
[SourceTitle "playchess.com"]
[Source "ChessBase"]
[SourceQuality "1"]

{[%evp 15,180,27,29,27,19,18,27,2,27,26,58,50,78,70,85,99,98,94,96,104,102,98,93,62,70,-31,-28,-29,-22,-43,-43,-44,-28,-28,-28,-44,-48,-53,-37,-51,-31,-31,-27,-40,-35,-35,-33,-39,-32,-31,-30,-24,-23,-14,0,0,0,-83,-83,-96,0,-83,-83,-96,-96,-96,-96,-96,-96,-96,-96,-96,-96,-116,-96,-96,-96,-96,-96,-96,-88,-96,-88,-96,-81,-58,-63,-102,-102,-102,-102,-102,-102,-103,-102,-103,-103,-305,-305,-305,-305,-305,-305,-305,-151,-151,-151,-568,-515,-513,-445,-1459,-1411,-870,-712,-1875,-1534,-1465,-1024,-1485,-1880,-2569,-1981,-1728,-100,-1373,-1286,-957,-792,-1450,-1337,-1223,-1413,-1934,-313,-1230,-1060,-986,-891,-691,0,-2522,-2135,-2169,-2084,-1827,-1004,-1025,-778,-600,-502,-2345,-2059,-29974,-29975,-29974,-29975,-29967,-7191,-5422,-2533,-29982,-29983,-29983,-29984,-29990,-29991]} 1. e4 e5 2. Nf3 Nc6 3. Bc4 Nf6 4. d3 h6 5. O-O d6 6. c3 g6 7. a4 {C55: Two Knights: 4 d3, 4 d4 exd4 5 e5 and Max Lange Attack} Bg7 8. a5 O-O {LiveBook: 7 Games} 9. b4 {White has an edge.} a6 10. Qb3 Qe7 $146 ({Predecessor:} 10... Ne7 11. Re1 g5 12. Nbd2 Ng6 13. Nf1 g4 {½-½ (38) Sidhant,M (2344)-Indjic,A (2630) Caleta 2019}) 11. Na3 {[%cal Bb1a3,Ba3c2,Bc2e3,Be3d5][%mdl 32]} Kh8 12. Nc2 Nh7 13. Ne3 f5 14. exf5 gxf5 15. Nd5 Qd8 16. g3 Nf6 17. Nh4 Kh7 18. f4 e4 19. Ne3 Ne7 $1 20. d4 (20. Rd1 $14) 20... d5 21. Be2 c6 22. h3 Ne8 23. Kh2 Bf6 24. Nhg2 $1 Nd6 25. Ne1 Be6 26. N1c2 Rg8 27. Rg1 Qd7 28. Bd2 Rg7 29. Rg2 Rag8 30. Rag1 Ng6 31. Qb1 Bd8 32. Qf1 Bc7 33. Na1 {[%cal Bc2a1,Ba1b3,Bb3c5][%mdl 32]} Nb5 34. Nb3 Qd8 35. Nc5 Bc8 36. Bxb5 (36. Kh1 $11 {remains equal.}) 36... axb5 $17 37. Qf2 Qd6 (37... Kh8 $17) 38. Kh1 (38. Nxb7 $1 $11 Bxb7 39. Nxf5) 38... Qf6 39. Nf1 Qf7 40. Be3 Nf8 {[%cal Bg6f8,Bf8h7,Bh7f6,Bf6h5][%mdl 32]} 41. Qe2 Kh8 42. Nh2 Nh7 43. Nb3 Nf6 44. Nd2 Qh5 45. Qxh5 Nxh5 46. Nhf1 Rg6 47. Nb3 R8g7 48. Nc5 Kg8 49. Kh2 Kf7 50. Ra2 Bd6 51. a6 bxa6 52. Nxa6 {[#]} Nxf4 $1 {[%mdl 512]} 53. gxf4 (53. Bxf4 Bxf4) 53... Rxg1 54. Bxg1 {Threatens to win with Be3.} Bxf4+ 55. Kh1 Bd6 $1 {And now ...f4 would win.} 56. Nb8 $2 (56. Bh2 $17 {was necessary.} f4 57. Ne3) 56... Bxb8 $19 57. Ra8 f4 58. Rxb8 Bxh3 59. Rb7+ Kf6 60. Rxg7 Kxg7 61. Nd2 $2 (61. Ne3 $17 {was the crucial defense.} fxe3 62. Bxe3) 61... e3 62. Nf3 {Hoping for Bh2.} Kf6 63. Kh2 (63. Nh4 $142 Kg5 64. Nf3+ Kf5 65. Ne5) 63... Bf1 64. Ne5 Kf5 65. Nxc6 Ke4 66. Ne5 h5 {[%cal Bh6h5,Bh5h4][%mdl 32]} 67. Nd7 h4 68. Ne5 Kf5 69. Kh1 Bh3 $2 (69... h3 $19 {and Black stays clearly on top.} 70. Nf7 Ke4) 70. Kh2 $2 {[%mdl 8192]} (70. Nf7 $17) 70... Bg4 $1 71. Kg2 Be2 72. Kh3 Kg5 $1 73. Nf7+ Kh5 74. Ne5 Bf1+ 75. Kh2 Kg5 76. Nf3+ {[#]} Kg4 $1 {[%cal Rg4f3]} 77. Ne5+ Kf5 (77... Kh5 $142 78. Kh1 Kg5) 78. Kh1 $1 h3 79. Kh2 Bg2 80. Nd3 Kg4 81. Ne5+ {[#]} Kg5 $1 {[%cal Rg5f5]} 82. Nf7+ Kf5 83. Nd6+ (83. Nd8 $142 Ke4 84. Nf7) 83... Kg4 84. Nxb5 Kf3 85. Na3 Bf1 86. Nc2 Bd3 87. Ne1+ Ke2 88. Nxd3 Kxd3 {Black mates.} 89. Kxh3 f3 {[%cal Bf4f3,Bf3f2][%mdl 32]} 90. b5 f2 {Precision: White = 43%, Black = 71%.} 0-1